Social behaviour of children : (Record no. 8368)

MARC details
000 -LEADER
fixed length control field 00718 a2200217 4500
003 - CONTROL NUMBER IDENTIFIER
control field GBCCL
005 - DATE AND TIME OF LATEST TRANSACTION
control field 20241126110649.0
008 - FIXED-LENGTH DATA ELEMENTS--GENERAL INFORMATION
fixed length control field 200214b ||||| |||| 00| 0 eng d
020 ## - INTERNATIONAL STANDARD BOOK NUMBER
International Standard Book Number 8180693848
020 ## - INTERNATIONAL STANDARD BOOK NUMBER
International Standard Book Number 9788180693847
040 ## - CATALOGING SOURCE
Transcribing agency GBC
082 ## - DEWEY DECIMAL CLASSIFICATION NUMBER
Classification number 155.418
Item number TAN
100 ## - MAIN ENTRY--PERSONAL NAME
Personal name Tanner, R.E.S.
9 (RLIN) 14615
245 ## - TITLE STATEMENT
Title Social behaviour of children :
Remainder of title a cross cultural assessment
260 ## - PUBLICATION, DISTRIBUTION, ETC.
Place of publication, distribution, etc. New Delhi :
Name of publisher, distributor, etc. Concept Pub. Co.,
Date of publication, distribution, etc. 2007.
300 ## - PHYSICAL DESCRIPTION
Extent xii, 296 pages ; 23 cm
650 ## - SUBJECT ADDED ENTRY--TOPICAL TERM
Topical term or geographic name entry element Child psychology -- Social aspects -- Cross-cultural studies.
9 (RLIN) 14616
650 ## - SUBJECT ADDED ENTRY--TOPICAL TERM
Topical term or geographic name entry element Interpersonal relations -- Cross-cultural studies.
9 (RLIN) 14617
650 ## - SUBJECT ADDED ENTRY--TOPICAL TERM
Topical term or geographic name entry element Child psychology -- Social aspects.
9 (RLIN) 14618
942 ## - ADDED ENTRY ELEMENTS (KOHA)
Source of classification or shelving scheme Dewey Decimal Classification
Koha item type Books
Koha issues (borrowed), all copies 1
Holdings
Withdrawn status Lost status Source of classification or shelving scheme Damaged status Not for loan Home library Current Library Shelving location Date acquired Source of acquisition Cost, normal purchase price Total checkouts Full call number Barcode Date last seen Date last checked out Copy number Cost, replacement price Price effective from Koha item type
    Dewey Decimal Classification     GRACE BIBLE COLLEGE GRACE BIBLE COLLEGE Philosophy and Religion 2020-02-24 10 412.50 2 155.418 TAN 013831 2025-10-07 2025-09-30 c.1 550.00 2020-02-24 Books
© Grace Bible College Library 2025